000 00867nas a2200265 4500
001 BR2013002445
003 BR-BrBNA
005 20231205122131.0
007 ta
008 230509b bl.|||p| |||| 00| 00por d
040 _aBR-BrBNA
_bpor
_cBiblioteca Nacional de Agricultura
041 _a(Pt)
072 _aQ04
100 1 _aMedeiros, M.L.
100 1 _aLannes, S.C. da S.
245 1 _aAvaliação química de substitutos de cacau e estudo sensorial de achocolatados formulados
650 _aTHEOBROMA CACAO
650 _aANÁLISE QUÍMICA
650 _aANÁLISE ORGANOLÉPTICA
650 _aAROMA
773 0 _tCiência e Tecnologia de Alimentos (Brazil)
_xISSN 1678-457X
_g(Apr-Jun 2009), V. 29(2) p. 247-253
_wBR2013002445
856 4 0 _uhttp://www.scielo.br/pdf/cta/v29n2/02.pdf
909 _a202311
_bLúcia
_c55
_dLúcia Elande
942 _2AGRIS
_n0
_cANA
999 _c227079
_d227079